Taylor Swift Speak Now songs - Statistics

General Stats
  • This quiz has been taken 734 times
  • The average score is 14 of 17
Answer Stats
Hint Answer % Correct
4 Speak Now
95%
1 Mine
93%
5 Dear John
91%
2 Sparks Fly
91%
3 Back To December
89%
6 Mean
89%
9 Enchanted
88%
12 Haunted
88%
10 Better Than Revenge
85%
14 Long Live
85%
11 Innocent
79%
7 The Story Of Us
79%
13 Last Kiss
77%
15 Ours
77%
17 Superman
75%
8 Never Grow Up
73%
16 If This Was A Movie
55%
No matching quizzes found
Score Distribution
Percent of People with Each Score
Percentile by Number Answered
Your Score History
You have not taken this quiz